000 00475nam a2200181Ia 4500
001 16212
005 20260306170253.0
008 260306t2001||||xx |||||||||||||| ||und||
041 _aESP
082 _a347.4
_bM26
100 _aMartínez Nadal, Apol·lónia
_eAUT
245 0 _aComercio electrónico, firma digital y autoridades de certificación
260 _c2001
300 _a327 páginas :
_c21 cm.
650 _aGEN
654 _aCDE
942 _cLIB
_dJUS
_fJUS
_2ddc
_n
999 _c16212
_d16212